000 01572cam a2200409 i 4500
001 3705510
003 ARRUPE
005 20151024121948.0
008 790518s1978 enkb b 000 0aeng
010 _a 79304440
015 _aGB***
020 _a0140443096 :
_c£2.25 ($5.95)
040 _aDLC
_cDLC
_dDLC
041 1 _aeng
_hlat
043 _ae------
_aff-----
_aaw-----
050 0 0 _aPA6297.A5 1978
082 0 0 _a876/.01
100 1 _aCicero, Marcus Tullius.
_920486
240 1 0 _aAd Atticum.
_lEnglish
245 1 0 _aCicero's Letters to Atticus /
_ctranslated with an introd. by D. R. Shackleton Bailey.
260 _aHarmondsworth, Eng. ;
_aNew York :
_bPenguin Books,
_c1978.
300 _a735 p. :
_bmaps ;
_c18 cm.
490 0 _aPenguin classics
500 _aOriginally published in parallel Latin and English texts under title: Letters to Atticus.
504 _aBibliography: p. 25-26.
600 1 0 _aCicero, Marcus Tullius
_vCorrespondence.
_920487
600 1 0 _aAtticus, Titus Pomponius
_vCorrespondence.
_920488
650 0 _aLatin letters
_vTranslations into English.
_920489
650 0 _aAuthors, Latin
_vCorrespondence.
_920490
650 0 _aStatesmen
_zRome
_vCorrespondence.
_920491
700 1 _aAtticus, Titus Pomponius.
_920492
700 1 _aShackleton Bailey, D. R.
_q(David Roy),
_d1917-2005.
_920493
740 0 _aLetters to Atticus.
856 4 2 _3Contributor biographical information
_uhttp://www.loc.gov/catdir/enhancements/fy1209/79304440-b.html
906 _a7
_bcbc
_corignew
_d4
_encip
_f19
_gy-gencatlg
942 _2lcc
_cMONOGRAPH
999 _c123595
_d123595